000 00449nam a2200145Ia 4500
008 220204s9999 xx 000 0 und d
020 _a0199288917
082 _a338.43.02
_bSWI
100 _aRozelle, Scott
245 0 _aFrom Marx and Mao to the market: The economics and politics of agricultural transition
260 _aOxford
_bOxford University Press
_c2006
650 _aAgricultural transition
700 _aSwinnen, Johan F M
942 _cBK
999 _c42674
_d42674